000 00465nam a2200181Ia 4500
001 9406
005 20260306161716.0
008 260306t2023||||xx |||||||||||||| ||spa||
041 _aESP
082 _a378.74
_bG24
100 _aGarcía Ramírez, Sergio,
_eAUT
245 0 _aLa autonomía universitaria en la constitución y en la ley
260 _c2023
300 _axxi, 350 páginas :
_c23 cm.
650 _aGEN
654 _aCHU
942 _cLIB
_dJUS
_fJUS
_2ddc
_n
999 _c9406
_d9406